| 000 | 01315nam a22001817a 4500 | ||
|---|---|---|---|
| 001 | 11035 | ||
| 005 | 20251115085322.0 | ||
| 008 | 170209b xxu||||| |||| 00| 0 eng d | ||
| 040 |
_aBSU _cBSU _dBSULIB |
||
| 082 |
_222 _a303.696761 _bCOM |
||
| 245 |
_aCompendium of Conflicts in Uganda: _bFindings of the National Reconciliation and Transitional Audit/ |
||
| 260 |
_aUganda: _bRefugee Law Project; _c2014. |
||
| 300 |
_axiv, 316p.; _c21cm |
||
| 505 | _a1. Introduction 2. Cross-cutting thematic issues colonialism and its legacies 3. National level conflicts national level conflicts timeline Phase I: Colonial construction of Uganda Phase II: Clash of polities (Early post-independence) Phase III: Failure of the Nation, Establishment of the state through militarism(Post Kabaka Crisis) Phase IV: Failure of democracy, Entrenchment of militarism Phase V: Liberation and Civil War Phase VI: Museveni's no party system regime Phase VII: Return to multiparty system, restoration of Kingdoms 4. Northern region conflicts (WestNile Post Amin. West Nile: Present. Karamoja Acholi land ) 5. Eastern Region conflicts 6. Western region conflicts 7. Central region conflicts 8. Transitional justice mechanism in Uganda | ||
| 650 |
_2Conflicts _aUganda _91754 |
||
| 658 | _aSocial Sciences | ||
| 942 |
_2ddc _cBK |
||
| 999 |
_c11035 _d11035 |
||